000 00637cam a2200253 4500
001 M95021
008 090401t1998 xxu||||| |||| 00| 0 eng d
035 _a(Sirsi) u89660
041 _aeng
050 _a692.5
100 _aStubbington, D.T.
245 _aPreliminaries : improving cash flow.
260 _aAscot,Berks.
_bCIOB
_c1998
300 _a10p. ; 30cm.
350 _a5
490 _aConstruction Papers
_v92
650 _aCASH FLOW
650 _aCOSTS
650 _aPRELIMINARIES
690 _aQuantity surveying
_96263
710 _aThe Chartered Institute of Building
_92131
942 _n0
948 _c13/11/1998
999 _c97480
_d97480